| 000 | 00445nam a2200181Ia 4500 | ||
|---|---|---|---|
| 001 | 16084 | ||
| 005 | 20260306170243.0 | ||
| 008 | 260306t2006||||xx |||||||||||||| ||und|| | ||
| 041 | _aESP | ||
| 082 |
_a346.6 _bM86 |
||
| 100 |
_aMorales Hervias, Rómulo _eAUT |
||
| 245 | 0 | _aEstudios sobre teoría general del contrato | |
| 260 | _c2006 | ||
| 300 |
_a669 páginas : _c24 cm. |
||
| 650 | _aGEN | ||
| 654 | _aCDE | ||
| 942 |
_cLIB _dJUS _fJUS _2ddc _n |
||
| 999 |
_c16084 _d16084 |
||